|
|
|
|
| LEADER |
00000nam0a2200000 4500 |
| 001 |
676079 |
| 005 |
20250213105433.0 |
| 090 |
|
|
|a 676079
|
| 100 |
|
|
|a 20241031d1975 k||y0rusy50 ca
|
| 101 |
0 |
|
|a rus
|
| 102 |
|
|
|a RU
|
| 105 |
|
|
|a a dm 001yy
|
| 181 |
|
0 |
|a i
|b e
|
| 182 |
|
0 |
|a n
|
| 183 |
|
0 |
|a nc
|2 RDAcarrier
|
| 200 |
1 |
|
|a Геохимия и формирование химического состава подземных вод зоны гипергенеза
|e автореферат диссертации на соискание ученой степени доктора геолого-минералогических наук
|e спец. 04.00.06
|f Шварцев Степан Львович
|g Московский геологоразведочный институт
|
| 203 |
|
|
|a Текст
|b визуальный
|c непосредственный
|
| 210 |
|
1 |
|a Москва
|d 1975
|
| 215 |
|
|
|a 42 с.
|c ил.
|
| 283 |
|
|
|a volume
|2 RDAcarrier
|
| 300 |
|
|
|a Защита сост. 10.12.1975
|
| 317 |
|
|
|5 63413507: КР-8056
|a Поступил в НТБ в 2024 г. в дар от дочери ученого О. А. Назаровой
|
| 320 |
|
|
|a Список работ по теме диссертации: с. 39-42
|
| 333 |
|
|
|a На правах рукописи
|
| 606 |
1 |
|
|a Воды подземные
|x Гидрогеохимия
|9 31613
|
| 610 |
1 |
|
|a геология
|
| 610 |
1 |
|
|a коры выветривания
|
| 610 |
1 |
|
|a термодинамические методы
|
| 610 |
1 |
|
|a подземные воды
|
| 610 |
1 |
|
|a эрозия
|
| 610 |
1 |
|
|a гидролиз
|
| 610 |
1 |
|
|a авторефераты диссертаций
|
| 610 |
1 |
|
|a Коллекция А. Д. Назарова
|
| 610 |
1 |
|
|a дары библиотеке
|
| 675 |
|
|
|a 556.314.6(04)
|v 4
|
| 686 |
|
|
|2 oksvnk
|a 25.00.07
|
| 700 |
|
1 |
|a Шварцев
|b С. Л.
|g Степан Львович
|
| 712 |
0 |
2 |
|a Московский геологоразведочный институт
|c (1930-1992)
|4 570
|9 25000
|
| 801 |
|
0 |
|a RU
|b 63413507
|c 20241031
|
| 942 |
|
|
|c BK
|